[Event "Oberliga Ost B"]
[Site "?"]
[Date "2022.11.27"]
[Round "5.6"]
[White "Flach, Erich"]
[Black "Albrecht, Juergen"]
[Result "1-0"]
[WhiteElo "2064"]
[BlackElo "2130"]
[PlyCount "135"]
[EventDate "2022.09.18"]
[EventType "team-tourn"]
[EventCountry "GER"]
[WhiteTeam "Heusenstamm SC"]
[BlackTeam "Weimar SV Vimaria"]
[WhiteTeamCountry "GER"]
[BlackTeamCountry "GER"]

1. c4 e6 2. Nc3 d5 3. d4 Be7 4. cxd5 exd5 5. Bf4 c6 6. e3 Bf5 7. Nge2 Bg6 8. Bg3 Nf6 9. Nf4 Bf5 10. h3 Nbd7 11. Bh2 Qb6 12. Qc1 O-O 13. Bd3 Bxd3 14. Nxd3 Qa6 15. Qc2 c5 16. dxc5 Nxc5 17. Rd1 Nce4 18. O-O Nxc3 19. bxc3 Rac8 20. Qb3 Ne4 21. Be5 Bf6 22. Nb4 Qc4 23. Bxf6 Nxf6 24. Nxd5 Nxd5 25. Qxc4 Rxc4 26. Rxd5 Rxc3 27. Rd7 Ra3 28. Rxb7 Rxa2 29. Rc1 g6 30. Rcc7 a5 31. Ra7 a4 32. g4 h6 33. Kg2 a3 34. Rc3 Rb8 35. Raxa3 Rxa3 36. Rxa3 Rb1 37. f4 Rb2+ 38. Kf3 Kg7 39. e4 Rh2 40. Kg3 Re2 41. e5 g5 42. Kf3 Re1 43. fxg5 hxg5 44. Re3 Rf1+ 45. Ke4 Kg6 46. Rf3 Re1+ 47. Kd4 Rd1+ 48. Rd3 Ra1 49. Kd5 Ra5+ 50. Ke4 Ra4+ 51. Rd4 Ra3 52. Rd6+ Kg7 53. Rd3 Ra5 54. Kf5 Kh6 55. Kf6 Ra7 56. Rd6 Ra3 57. Kxf7+ Kh7 58. Rf6 Ra7+ 59. Ke6 Ra3 60. Kf5 Rxh3 61. Kxg5 Kg7 62. e6 Rg3 63. Rf7+ Kg8 64. Rf4 Kg7 65. Kf5 Re3 66. Re4 Rxe4 67. Kxe4 Kf6 68. Kd5 1-0

[Event "Oberliga Ost B"]
[Site "?"]
[Date "2022.11.27"]
[Round "5.7"]
[White "Gulich, Christian"]
[Black "Vechorkin, Oleksii"]
[Result "0-1"]
[WhiteElo "2021"]
[BlackElo "2037"]
[PlyCount "88"]
[EventDate "2022.09.18"]
[EventType "team-tourn"]
[EventCountry "GER"]
[WhiteTeam "Weimar SV Vimaria"]
[BlackTeam "Heusenstamm SC"]
[WhiteTeamCountry "GER"]
[BlackTeamCountry "GER"]

1. e4 c5 2. Nf3 Nc6 3. d4 cxd4 4. Nxd4 Nf6 5. Nc3 e5 6. Ndb5 d6 7. Bg5 a6 8. Na3 b5 9. Nd5 Be7 10. Bxf6 Bxf6 11. c3 Rb8 12. Nc2 a5 13. Be2 Bg5 14. O-O O-O 15. b4 Ne7 16. Nxe7+ Bxe7 17. Ne3 Bd7 18. bxa5 Qxa5 19. c4 b4 20. Qd2 Bg5 21. Qxd6 Bxe3 22. Qxd7 Bd4 23. Rab1 Qxa2 24. Qg4 g6 25. Bd3 Rfd8 26. Qe2 b3 27. Rfd1 Qa7 28. c5 Qxc5 29. Rbc1 Qb6 30. Bb1 b2 31. Rc2 Bxf2+ 32. Kf1 Bd4 33. Rcd2 Rd6 34. Rd3 Ra8 35. g3 Ra1 36. Kg2 Qc5 37. Rf3 Rc6 38. Rff1 Qc3 39. Qf3 Qc4 40. Bd3 Qe6 41. Rb1 Rc1 42. Rd1 Qa2 43. Rf1 Raxb1 44. Bxb1 Rxb1 0-1

[Event "Oberliga Ost B"]
[Site "?"]
[Date "2022.11.27"]
[Round "5.8"]
[White "Benninger, Rudolf"]
[Black "Homberger, Jan"]
[Result "1-0"]
[WhiteElo "1978"]
[BlackElo "1866"]
[PlyCount "49"]
[EventDate "2022.09.18"]
[EventType "team-tourn"]
[EventCountry "GER"]
[WhiteTeam "Heusenstamm SC"]
[BlackTeam "Weimar SV Vimaria"]
[WhiteTeamCountry "GER"]
[BlackTeamCountry "GER"]

1. e4 c5 2. c3 Nf6 3. e5 Nd5 4. d4 cxd4 5. cxd4 d6 6. f4 e6 7. Nc3 Nxc3 8. bxc3 dxe5 9. fxe5 Qh4+ 10. Ke2 Be7 11. Nf3 Qh5 12. Be3 f5 13. Kd2 O-O 14. Be2 Qe8 15. h4 b5 16. Qb3 Bd7 17. d5 exd5 18. Qxd5+ Qf7 19. Qxa8 Nc6 20. Qb7 Qd5+ 21. Nd4 Rb8 22. Bf3 Qxd4+ 23. cxd4 Rxb7 24. Rac1 Rb6 25. e6 1-0

[Event "Oberliga Ost B"]
[Site "?"]
[Date "2022.11.27"]
[Round "5.1"]
[White "Zude, Erik"]
[Black "Kunin, Vitaly"]
[Result "1/2-1/2"]
[WhiteElo "2380"]
[BlackElo "2521"]
[PlyCount "110"]
[EventDate "2022.09.18"]
[EventType "team-tourn"]
[EventCountry "GER"]
[WhiteTeam "Hofheim SV II"]
[BlackTeam "Moerlenbach Birkenau Freibauer"]
[WhiteTeamCountry "GER"]
[BlackTeamCountry "GER"]

1. e4 c5 2. Nf3 Nc6 3. d4 cxd4 4. Nxd4 g6 5. c4 Bg7 6. Be3 Nf6 7. Nc3 O-O 8. Be2 d6 9. Qd2 Bd7 10. f3 Nxd4 11. Bxd4 a5 12. h4 Nh5 13. Bxg7 Kxg7 14. O-O-O Ng3 15. Rhe1 Bc6 16. c5 dxc5 17. Qg5 Qc7 18. Bb5 h6 19. Qxc5 Qf4+ 20. Kb1 Qxh4 21. Bxc6 bxc6 22. Rd7 e6 23. Red1 Nh5 24. Qxc6 Nf4 25. Qd6 Nxg2 26. Qxe6 Ne3 27. Rg1 Qf6 28. Qxf6+ Kxf6 29. Rd3 Nc4 30. Nd5+ Kg7 31. Rc3 Rfc8 32. Rd1 Rab8 33. b3 Ne5 34. Rxc8 Rxc8 35. f4 Ng4 36. Rc1 Rxc1+ 37. Kxc1 Nf2 38. e5 Nd3+ 39. Kd2 Nb4 40. Nc3 f6 41. a3 Nc6 42. exf6+ Kxf6 43. Ke3 Kf5 44. Nd5 h5 45. b4 Ke6 46. Ke4 h4 47. Ne3 h3 48. Kf3 Nd4+ 49. Kg3 Ne2+ 50. Kxh3 Nxf4+ 51. Kg4 axb4 52. axb4 Nd5 53. Nxd5 Kxd5 54. Kg5 Kc4 55. Kxg6 Kxb4 1/2-1/2

[Event "Oberliga Ost B"]
[Site "?"]
[Date "2022.11.27"]
[Round "5.2"]
[White "Galdunts, Sergey"]
[Black "Haack, Kevin"]
[Result "1/2-1/2"]
[WhiteElo "2414"]
[BlackElo "2219"]
[PlyCount "107"]
[EventDate "2022.09.18"]
[EventType "team-tourn"]
[EventCountry "GER"]
[WhiteTeam "Moerlenbach Birkenau Freibauer"]
[BlackTeam "Hofheim SV II"]
[WhiteTeamCountry "GER"]
[BlackTeamCountry "GER"]

1. e4 c6 2. d4 d5 3. Nc3 dxe4 4. Nxe4 Bf5 5. Ng3 Bg6 6. h4 h6 7. Nf3 Nd7 8. h5 Bh7 9. Bd3 Bxd3 10. Qxd3 e6 11. Bf4 Qa5+ 12. Bd2 Bb4 13. c3 Be7 14. c4 Qc7 15. O-O-O Ngf6 16. Kb1 O-O 17. Ne4 Rfd8 18. g3 Nxe4 19. Qxe4 Nf6 20. Qe2 c5 21. Bf4 Bd6 22. Bxd6 Rxd6 23. dxc5 Qxc5 24. Rxd6 Qxd6 25. Rd1 Qc7 26. Ne5 Rd8 27. f4 Ne4 28. g4 Rxd1+ 29. Qxd1 f6 30. Ng6 Kf7 31. Qd4 Qd6 32. Qxd6 Nxd6 33. c5 Ne4 34. b4 f5 35. gxf5 exf5 36. Kc2 Nf6 37. b5 Nxh5 38. a4 Nf6 39. c6 bxc6 40. Ne5+ Ke6 41. Nxc6 Nd5 42. Nxa7 h5 43. Nc6 Kd6 44. Nd4 g6 45. Nf3 Kc5 46. Nh4 Nxf4 47. Kd2 Kb6 48. Ke3 Nd5+ 49. Kd4 Ne7 50. Ke5 Ka5 51. Kf6 Kxa4 52. b6 Nd5+ 53. Kxg6 Nxb6 54. Kxf5 1/2-1/2

[Event "Oberliga Ost B"]
[Site "?"]
[Date "2022.11.27"]
[Round "5.3"]
[White "Fish, Jonathan M"]
[Black "Legde, Georg"]
[Result "0-1"]
[WhiteElo "2124"]
[BlackElo "2353"]
[PlyCount "110"]
[EventDate "2022.09.18"]
[EventType "team-tourn"]
[EventCountry "GER"]
[WhiteTeam "Hofheim SV II"]
[BlackTeam "Moerlenbach Birkenau Freibauer"]
[WhiteTeamCountry "GER"]
[BlackTeamCountry "GER"]

1. e4 c5 2. Nf3 e6 3. d4 cxd4 4. Nxd4 Nc6 5. Nc3 Qc7 6. Be2 a6 7. O-O Nf6 8. Bg5 Be7 9. Qd2 O-O 10. Rad1 Rd8 11. Qe3 d6 12. a4 Bd7 13. Qg3 Nxd4 14. Rxd4 Bc6 15. Rfd1 Rab8 16. Bd3 Qb6 17. Be3 Qxb2 18. Rc4 d5 19. exd5 exd5 20. Bc1 Qb6 21. Rd4 Ne4 22. Bxe4 dxe4 23. Be3 Qa5 24. Bf4 Rxd4 25. Rxd4 Rc8 26. Be5 f6 27. Bd6 Bxd6 28. Qxd6 Re8 29. Qa3 Qe5 30. Ne2 f5 31. Qe3 h6 32. h4 Qe7 33. h5 Rd8 34. Nf4 Kh7 35. Ng6 Qf6 36. Rxd8 Qxd8 37. Qh3 Qf6 38. a5 Qa1+ 39. Kh2 Qxa5 40. Qg3 Qd8 41. Qe5 Qg5 42. Ne7 Qxh5+ 43. Kg1 Bd7 44. Nd5 Qf7 45. c4 Qe6 46. Qc7 b5 47. Nb6 Bc6 48. cxb5 axb5 49. Nc8 e3 50. fxe3 Qxe3+ 51. Kh2 Qe4 52. Qg3 f4 53. Qg4 Qe5 54. Ne7 f3+ 55. Kh3 Bd5 0-1

[Event "Oberliga Ost B"]
[Site "?"]
[Date "2022.11.27"]
[Round "5.4"]
[White "Dittmar, Peter"]
[Black "Kushka, Alena"]
[Result "1/2-1/2"]
[WhiteElo "2192"]
[BlackElo "2144"]
[PlyCount "77"]
[EventDate "2022.09.18"]
[EventType "team-tourn"]
[EventCountry "GER"]
[WhiteTeam "Moerlenbach Birkenau Freibauer"]
[BlackTeam "Hofheim SV II"]
[WhiteTeamCountry "GER"]
[BlackTeamCountry "GER"]

1. e4 c5 2. Nf3 Nc6 3. Bb5 g6 4. Bxc6 dxc6 5. d3 Bg7 6. O-O Nf6 7. Re1 O-O 8. h3 Qc7 9. e5 Nd5 10. c4 Nb4 11. a3 Na6 12. Nc3 f6 13. Bf4 Qd8 14. Qd2 g5 15. Bg3 g4 16. hxg4 Bxg4 17. Qe3 f5 18. Qf4 Bxf3 19. Qxf3 Nc7 20. e6 Rf6 21. Be5 Rg6 22. Bxg7 Rxg7 23. Qxf5 Qd4 24. Re4 Rf8 25. Qxf8+ Kxf8 26. Rxd4 cxd4 27. Ne2 Nxe6 28. b4 Rg4 29. f3 Rg5 30. f4 Rg4 31. g3 Ng7 32. Kf2 Nf5 33. Kf3 Rg6 34. Rd1 h5 35. Kf2 Re6 36. Rd2 Kg7 37. Ng1 Rd6 38. Ne2 Re6 39. Ng1 1/2-1/2

[Event "Oberliga Ost B"]
[Site "?"]
[Date "2022.11.27"]
[Round "5.5"]
[White "Engel, Berthold"]
[Black "Boehmer, Christian"]
[Result "1/2-1/2"]
[WhiteElo "2118"]
[BlackElo "2150"]
[PlyCount "84"]
[EventDate "2022.09.18"]
[EventType "team-tourn"]
[EventCountry "GER"]
[WhiteTeam "Hofheim SV II"]
[BlackTeam "Moerlenbach Birkenau Freibauer"]
[WhiteTeamCountry "GER"]
[BlackTeamCountry "GER"]

1. e4 e5 2. Nf3 d6 3. d3 Nf6 4. Be2 Be7 5. O-O Nbd7 6. Nbd2 c6 7. c3 Qc7 8. Qc2 h6 9. Re1 g5 10. Nf1 Nf8 11. Ne3 Ng6 12. d4 g4 13. Nd2 Be6 14. Ndf1 O-O-O 15. d5 Bd7 16. Ng3 h5 17. Bc4 c5 18. a4 Nh7 19. Bb5 Ng5 20. Bxd7+ Qxd7 21. Nef5 Nf4 22. Ne2 Ng6 23. b4 cxb4 24. cxb4+ Kb8 25. Qd3 h4 26. Qe3 Bf6 27. b5 h3 28. Ba3 hxg2 29. Kxg2 Nf3 30. Rh1 Rh3 31. Neg3 Bg5 32. Qc3 Nf4+ 33. Kf1 Be7 34. Rc1 Rxh2 35. Rxh2 Nxh2+ 36. Kg1 Nf3+ 37. Kf1 Nh3 38. Nxe7 Qxe7 39. Nf5 Qd7 40. Ke2 Nf4+ 41. Ke3 Ng2+ 42. Ke2 Nf4+ 1/2-1/2

[Event "Oberliga Ost B"]
[Site "?"]
[Date "2022.11.27"]
[Round "5.6"]
[White "Schneider, Heiko"]
[Black "Burkart, Patrick"]
[Result "0-1"]
[WhiteElo "2116"]
[BlackElo "2325"]
[PlyCount "200"]
[EventDate "2022.09.18"]
[EventType "team-tourn"]
[EventCountry "GER"]
[WhiteTeam "Moerlenbach Birkenau Freibauer"]
[BlackTeam "Hofheim SV II"]
[WhiteTeamCountry "GER"]
[BlackTeamCountry "GER"]

1. d4 Nf6 2. Nf3 c5 3. d5 b5 4. c4 Bb7 5. Nbd2 d6 6. e4 g6 7. cxb5 Bg7 8. Bc4 O-O 9. O-O a6 10. bxa6 Nxa6 11. Re1 Nc7 12. a4 e6 13. dxe6 fxe6 14. Qb3 Rb8 15. Bxe6+ Kh8 16. Ng5 Qe7 17. Qh3 Rbe8 18. Ba2 Nh5 19. Nf1 h6 20. Nf3 Bc8 21. Nh4 Qf6 22. Nxg6+ Qxg6 23. Qd3 Ba6 24. Bc4 Bb7 25. Ng3 Nxg3 26. Qxg3 Qxg3 27. hxg3 d5 28. Bb5 Rxe4 29. Bf4 Ne6 30. Bd6 Rd8 31. Be7 Rc8 32. Bd3 Rxe1+ 33. Rxe1 Z0 34. Bxc5 Bxb2 35. Bb6 Kg7 36. a5 Bc3 37. Rc1 d4 38. Be4 Rb8 39. f4 Ba6 40. f5 Ng5 41. Bd5 h5 42. Kh2 Kf6 43. Rc2 Re8 44. Bc6 Re5 45. Bd8+ Kxf5 46. Rf2+ Kg6 47. Rf6+ Kg7 48. Rd6 Re6 49. Rd7+ Kh6 50. Bd5 Rg6 51. Be7 d3 52. Bf8+ Bg7 53. Bb4 Bb5 54. Rd8 Be5 55. Bd2 h4 56. Be4 hxg3+ 57. Kh1 Rd6 58. Rg8 Bf6 59. Rg6+ Kh5 60. Bxg5 d2 61. Bxd2 Rxd2 62. Rxg3 Ra2 63. Rf3 Ra1+ 64. Kh2 Be5+ 65. g3 Bd7 66. Rd3 Ra2+ 67. Kh1 Be6 68. Bf3+ Kg5 69. Bd5 Ra1+ 70. Kh2 Bf5 71. Rb3 Ra2+ 72. Kh1 Rxa5 73. Bf3 Bxg3 74. Kg2 Be5 75. Re3 Ra2+ 76. Re2 Ra5 77. Be4 Bg4 78. Bf3 Bd7 79. Rd2 Bf5 80. Re2 Bf4 81. Re8 Ra2+ 82. Re2 Ra3 83. Re8 Be3 84. Kg3 Bf4+ 85. Kg2 Bd3 86. Rg8+ Kh6 87. Bd5 Ra5 88. Kf3 Be5 89. Be4 Bc4 90. Ra8 Rb5 91. Ra6+ Kg5 92. Rg6+ Kh5 93. Rc6 Rb3+ 94. Kg2 Rc3 95. Rb6 Kg4 96. Rb7 Re3 97. Bc6 Re2+ 98. Kh1 Kg3 99. Rb1 Rh2+ 100. Kg1 Bd4# 0-1

[Event "Oberliga Ost B"]
[Site "?"]
[Date "2022.11.27"]
[Round "5.7"]
[White "Segna, Ulrich"]
[Black "Klings, Peter"]
[Result "1/2-1/2"]
[WhiteElo "2095"]
[BlackElo "2081"]
[PlyCount "24"]
[EventDate "2022.09.18"]
[EventType "team-tourn"]
[EventCountry "GER"]
[WhiteTeam "Hofheim SV II"]
[BlackTeam "Moerlenbach Birkenau Freibauer"]
[WhiteTeamCountry "GER"]
[BlackTeamCountry "GER"]

1. d4 Nf6 2. Nf3 e6 3. e3 b6 4. Bd3 Bb7 5. O-O d5 6. b3 Bd6 7. Bb2 O-O 8. Nbd2 c5 9. Ne5 Nc6 10. f4 Rc8 11. a3 Ne7 12. Qe2 Rc7 1/2-1/2

[Event "Oberliga Ost B"]
[Site "?"]
[Date "2022.11.27"]
[Round "5.8"]
[White "Schiffer, Steve"]
[Black "Burkart, Lloyd Shang"]
[Result "1-0"]
[WhiteElo "2061"]
[BlackElo "1768"]
[PlyCount "65"]
[EventDate "2022.09.18"]
[EventType "team-tourn"]
[EventCountry "GER"]
[WhiteTeam "Moerlenbach Birkenau Freibauer"]
[BlackTeam "Hofheim SV II"]
[WhiteTeamCountry "GER"]
[BlackTeamCountry "GER"]

1. e4 c5 2. Nf3 d6 3. d4 cxd4 4. Nxd4 Nf6 5. Nc3 a6 6. a4 b6 7. g3 Bb7 8. Bg2 e6 9. O-O Qc7 10. Re1 Be7 11. Bg5 O-O 12. Qe2 Nbd7 13. Rad1 h6 14. Bc1 Rfe8 15. Kh1 Rac8 16. f4 Bf8 17. g4 e5 18. Nf5 g6 19. g5 gxf5 20. gxf6 Nxf6 21. fxe5 dxe5 22. exf5 Bg7 23. Rd3 Bxg2+ 24. Qxg2 Qc6 25. Rf3 e4 26. Rg1 Nh5 27. Rh3 e3 28. Rxh5 e2 29. Nd5 Qxd5 30. Qxd5 e1=Q 31. Bxh6 Rxc2 32. Qd4 f6 33. Bxg7 1-0

[Event "Oberliga Ost B"]
[Site "?"]
[Date "2022.11.27"]
[Round "5.1"]
[White "Siebarth, Raiko"]
[Black "Humburg, Philipp"]
[Result "1/2-1/2"]
[WhiteElo "2327"]
[BlackElo "2237"]
[PlyCount "125"]
[EventDate "2022.09.18"]
[EventType "team-tourn"]
[EventCountry "GER"]
[WhiteTeam "Stadtilm SG BW"]
[BlackTeam "Marburg SK"]
[WhiteTeamCountry "GER"]
[BlackTeamCountry "GER"]

1. d4 d5 2. Nf3 Nf6 3. e3 c5 4. c3 Qb6 5. Bd3 g6 6. O-O Bg7 7. Nbd2 O-O 8. dxc5 Qxc5 9. e4 Nc6 10. Qe2 e5 11. Nb3 Qe7 12. exd5 Nxd5 13. Be4 Be6 14. Ng5 Rfd8 15. Nxe6 Qxe6 16. Bg5 f6 17. Bd2 Kh8 18. Rad1 Qe7 19. Qf3 Qf7 20. Bh6 Nde7 21. Bxg7+ Kxg7 22. Nc5 f5 23. Bb1 b6 24. Nb3 Qf6 25. Nd2 e4 26. Qe2 Nd5 27. g3 Ne5 28. f3 e3 29. Nb3 Rac8 30. Rd4 Qc6 31. Kg2 Re8 32. Rfd1 Nf6 33. Rd6 Qb7 34. R6d4 Re7 35. Re1 Nfg4 36. h3 Nh2 37. Rf4 g5 38. Rxf5 Nhxf3 39. Rxf3 Rf8 40. Nd4 Nxf3 41. Nxf3 h5 42. g4 h4 43. Bf5 Qc7 44. Kg1 Rd8 45. Qh2 Qc5 46. Kh1 e2 47. Nd4 Rxd4 48. cxd4 Qxd4 49. Kg2 Qd5+ 50. Kg1 Qc5+ 51. Qf2 Re3 52. Be4 Rxe4 53. Qxc5 bxc5 54. Kf2 Kf6 55. Rxe2 Rxe2+ 56. Kxe2 Ke5 57. Ke3 c4 58. b4 cxb3 59. axb3 Kd5 60. Kd3 a6 61. b4 Ke5 62. Ke3 Kd5 63. Kd3 1/2-1/2

[Event "Oberliga Ost B"]
[Site "?"]
[Date "2022.11.27"]
[Round "5.2"]
[White "Baum, Bernd"]
[Black "Mueller, Magnus"]
[Result "1/2-1/2"]
[WhiteElo "2287"]
[BlackElo "2057"]
[PlyCount "53"]
[EventDate "2022.09.18"]
[EventType "team-tourn"]
[EventCountry "GER"]
[WhiteTeam "Marburg SK"]
[BlackTeam "Stadtilm SG BW"]
[WhiteTeamCountry "GER"]
[BlackTeamCountry "GER"]

1. c4 e5 2. g3 Nf6 3. Bg2 c6 4. d4 Bb4+ 5. Bd2 Bxd2+ 6. Qxd2 d6 7. dxe5 dxe5 8. Qxd8+ Kxd8 9. Nf3 Re8 10. Nc3 Kc7 11. O-O Bg4 12. Rfd1 Nbd7 13. h3 Bxf3 14. Bxf3 Nc5 15. b4 Ne6 16. e3 Rad8 17. h4 h5 18. Kf1 g6 19. Ke1 Nd4 20. exd4 exd4+ 21. Ne2 d3 22. Kf1 dxe2+ 23. Bxe2 Ne4 24. c5 Rd2 25. Rxd2 Nxd2+ 26. Ke1 Nf3+ 27. Kf1 1/2-1/2

[Event "Oberliga Ost B"]
[Site "?"]
[Date "2022.11.27"]
[Round "5.3"]
[White "Schneider, Christian"]
[Black "Dorst, Johannes"]
[Result "1/2-1/2"]
[WhiteElo "2230"]
[BlackElo "2220"]
[PlyCount "76"]
[EventDate "2022.09.18"]
[EventType "team-tourn"]
[EventCountry "GER"]
[WhiteTeam "Stadtilm SG BW"]
[BlackTeam "Marburg SK"]
[WhiteTeamCountry "GER"]
[BlackTeamCountry "GER"]

1. Nf3 Nf6 2. g3 g6 3. Bg2 Bg7 4. O-O O-O 5. d3 d6 6. e4 e5 7. h3 Nc6 8. Nbd2 h6 9. c3 d5 10. Re1 dxe4 11. Nxe4 Nxe4 12. dxe4 Qxd1 13. Rxd1 Be6 14. Be3 Rfd8 15. b3 a5 16. Rxd8+ Rxd8 17. Nd2 a4 18. Bf1 f5 19. Nc4 fxe4 20. Nd2 Ne7 21. bxa4 Ra8 22. Nxe4 b6 23. c4 Rxa4 24. Nc3 e4 25. Rc1 Bxc3 26. Rxc3 Nf5 27. Bf4 c5 28. a3 Nd4 29. Kg2 g5 30. Bc7 Ra6 31. g4 Bd7 32. Kg3 Bc6 33. h4 Kf7 34. hxg5 hxg5 35. Kh2 Nf3+ 36. Kg3 Nd4 37. Kh2 Nf3+ 38. Kg3 Nd4 1/2-1/2

[Event "Oberliga Ost B"]
[Site "?"]
[Date "2022.11.27"]
[Round "5.4"]
[White "Henrich, Thomas"]
[Black "Dittrich, Tom"]
[Result "1-0"]
[WhiteElo "2119"]
[BlackElo "1948"]
[PlyCount "69"]
[EventDate "2022.09.18"]
[EventType "team-tourn"]
[EventCountry "GER"]
[WhiteTeam "Marburg SK"]
[BlackTeam "Stadtilm SG BW"]
[WhiteTeamCountry "GER"]
[BlackTeamCountry "GER"]

1. c4 c5 2. Nf3 Nc6 3. g3 g6 4. Bg2 Bg7 5. O-O e6 6. d3 Nge7 7. Nbd2 d5 8. Rb1 O-O 9. a3 a5 10. b3 h6 11. cxd5 exd5 12. Bb2 d4 13. Qc2 b6 14. Nc4 Be6 15. Rbd1 Qc7 16. e4 Na7 17. Bc1 Nb5 18. Bf4 Qd8 19. h4 Nc3 20. Rd2 a4 21. bxa4 Rxa4 22. Ra1 Bxc4 23. dxc4 Rxc4 24. Qb3 Ra4 25. Rc1 c4 26. Qb2 Nxe4 27. Qc2 Nc5 28. Be5 c3 29. Rdd1 Bxe5 30. Nxe5 Rxa3 31. h5 Qd6 32. Nc4 d3 33. Nxa3 dxc2 34. Rxd6 Nb3 35. Rxc2 1-0

[Event "Oberliga Ost B"]
[Site "?"]
[Date "2022.11.27"]
[Round "5.5"]
[White "Siebarth, Marco"]
[Black "Rolle, Eric"]
[Result "0-1"]
[WhiteElo "2088"]
[BlackElo "2109"]
[PlyCount "114"]
[EventDate "2022.09.18"]
[EventType "team-tourn"]
[EventCountry "GER"]
[WhiteTeam "Stadtilm SG BW"]
[BlackTeam "Marburg SK"]
[WhiteTeamCountry "GER"]
[BlackTeamCountry "GER"]

1. e4 Nf6 2. Nc3 d5 3. e5 d4 4. exf6 dxc3 5. fxg7 cxd2+ 6. Qxd2 Qxd2+ 7. Bxd2 Bxg7 8. O-O-O Be6 9. a3 Nd7 10. Ne2 O-O-O 11. Nf4 Bf5 12. Be3 Nb6 13. Be2 Be5 14. g4 Be4 15. f3 Bc6 16. Nd3 Bd6 17. Nb4 Ba4 18. Nd5 h5 19. Nxb6+ axb6 20. g5 h4 21. f4 Bc6 22. Rhg1 h3 23. Rg3 Rh4 24. Rg4 Rdh8 25. Rf1 Bd7 26. Rgg1 Bf5 27. Bd3 Bxd3 28. cxd3 Kd7 29. Rf2 Rg8 30. Kd2 f5 31. Rg3 e5 32. fxe5 Bxe5 33. Rgf3 Bxb2 34. Rxf5 Bxa3 35. Rf7+ Be7 36. Bf4 Ke6 37. Bxc7 Bxg5+ 38. Ke2 Rb4 39. Rh7 Rc8 40. Rf3 Rb2+ 41. Kf1 Ra8 42. Bg3 Ra1+ 43. Be1 Rbb1 44. Rfxh3 Rxe1+ 45. Kf2 Rf1+ 46. Kg2 Rg1+ 47. Kf2 Rgd1 48. Rf3 Rd2+ 49. Kg3 Rg1+ 50. Kh3 Rgg2 51. Rxb7 Rxh2+ 52. Kg4 Rdg2+ 53. Rg3 Rxg3+ 54. Kxg3 Rb2 55. Kf3 Be7 56. d4 Rb4 57. Ke2 Bf6 0-1

[Event "Oberliga Ost B"]
[Site "?"]
[Date "2022.11.27"]
[Round "5.6"]
[White "Duncker, Joachim"]
[Black "Mehlhorn, Uwe"]
[Result "1-0"]
[WhiteElo "2206"]
[BlackElo "2036"]
[PlyCount "103"]
[EventDate "2022.09.18"]
[EventType "team-tourn"]
[EventCountry "GER"]
[WhiteTeam "Marburg SK"]
[BlackTeam "Stadtilm SG BW"]
[WhiteTeamCountry "GER"]
[BlackTeamCountry "GER"]

1. e4 d6 2. d4 g6 3. Bd3 Bg7 4. c3 e5 5. Be3 c6 6. Nf3 Qc7 7. h3 b6 8. Qe2 Ne7 9. Na3 a5 10. O-O O-O 11. Rad1 Ba6 12. Bxa6 Rxa6 13. dxe5 dxe5 14. Qc4 Ra7 15. Qb3 Nc8 16. Rd2 Rb7 17. Rfd1 Re8 18. Bg5 Ne7 19. Nc4 a4 20. Qb4 Na6 21. Nd6 Rf8 22. Qxa4 Ra7 23. Bxe7 Qxe7 24. Qxc6 Nb8 25. Qxb6 Rxa2 26. Nc8 Qe8 27. Qxb8 Qxc8 28. Qxc8 Rxc8 29. Rd8+ Rxd8 30. Rxd8+ Bf8 31. Nxe5 Kg7 32. b4 Be7 33. Rd3 Rc2 34. Nc6 Bg5 35. b5 Rb2 36. Rd5 Bd2 37. Rd3 Be1 38. Rf3 Rxb5 39. Kf1 Bd2 40. Ke2 Bg5 41. Nb4 Be7 42. Nd5 Rb2+ 43. Kd3 Bc5 44. Ne3 Kf8 45. g4 h6 46. e5 Ke7 47. Ke4 Rb1 48. Nd5+ Ke8 49. Nf6+ Kd8 50. Kd5 Be7 51. Ne4 Rb5+ 52. Kd4 1-0

[Event "Oberliga Ost B"]
[Site "?"]
[Date "2022.11.27"]
[Round "5.7"]
[White "Neubauer, Andreas"]
[Black "Neidhardt, Helge"]
[Result "1/2-1/2"]
[WhiteElo "2157"]
[BlackElo "1988"]
[PlyCount "53"]
[EventDate "2022.09.18"]
[EventType "team-tourn"]
[EventCountry "GER"]
[WhiteTeam "Stadtilm SG BW"]
[BlackTeam "Marburg SK"]
[WhiteTeamCountry "GER"]
[BlackTeamCountry "GER"]

1. Nf3 d5 2. g3 g6 3. Bg2 Bg7 4. O-O Nf6 5. c4 c6 6. d3 O-O 7. Nc3 dxc4 8. dxc4 Qxd1 9. Nxd1 Ne4 10. Be3 Nd7 11. Rc1 Re8 12. h3 f5 13. Nd2 Nxd2 14. Bxd2 Nf6 15. Bc3 e5 16. b3 e4 17. Nb2 Be6 18. Rfd1 Rad8 19. e3 Nd7 20. Bxg7 Kxg7 21. h4 Ne5 22. Bf1 Kf6 23. Be2 c5 24. Rxd8 Rxd8 25. Rd1 Rxd1+ 26. Nxd1 Bd7 27. Nc3 1/2-1/2

[Event "Oberliga Ost B"]
[Site "?"]
[Date "2022.11.27"]
[Round "5.8"]
[White "Nekhamkis, Genadi"]
[Black "Schmidt, Daniel"]
[Result "0-1"]
[WhiteElo "2084"]
[BlackElo "1901"]
[PlyCount "102"]
[EventDate "2022.09.18"]
[EventType "team-tourn"]
[EventCountry "GER"]
[WhiteTeam "Marburg SK"]
[BlackTeam "Stadtilm SG BW"]
[WhiteTeamCountry "GER"]
[BlackTeamCountry "GER"]

1. e4 c5 2. d4 cxd4 3. c3 Nf6 4. e5 Nd5 5. Nf3 d6 6. cxd4 Nc6 7. Bc4 Nb6 8. Bb5 d5 9. O-O e6 10. Nc3 Be7 11. Bd3 a6 12. Ne2 Bd7 13. Ng3 h5 14. Bb1 Nc4 15. Nd2 Nxd2 16. Qxd2 Qb6 17. Ne2 Rc8 18. b3 Qb4 19. Qe3 Qb6 20. Rd1 Na7 21. Qg3 g6 22. Bg5 Bxg5 23. Qxg5 Qd8 24. Qg3 Qe7 25. a4 Kd8 26. Bd3 Nc6 27. Rac1 Nb4 28. Bb1 Rxc1 29. Rxc1 Bc6 30. f4 Kc7 31. Qe1 a5 32. Qd2 Rc8 33. Bd3 Kb8 34. Bb1 Rc7 35. Nc3 Be8 36. h3 Bc6 37. Ne2 Be8 38. g4 hxg4 39. hxg4 Qh4 40. g5 Rxc1+ 41. Qxc1 Qg4+ 42. Kf2 Qh4+ 43. Ke3 Qh3+ 44. Kd2 Qxb3 45. Nc3 Qc4 46. Ke3 Bxa4 47. Qa3 Bc2 48. Ba2 Qd3+ 49. Kf2 Qxd4+ 50. Kg2 Qd2+ 51. Kg1 Qe3+ 0-1

[Event "Oberliga Ost B"]
[Site "?"]
[Date "2023.02.04"]
[Round "6.1"]
[White "Sivuk, Vitaly"]
[Black "Hebbering, Tom Elliot"]
[Result "1-0"]
[WhiteElo "2530"]
[BlackElo "2215"]
[PlyCount "79"]
[EventDate "2022.09.18"]
[EventType "team-tourn"]
[EventCountry "GER"]
[WhiteTeam "Emstal Bad Wolfhagen SF"]
[BlackTeam "Gernsheim SK"]
[WhiteTeamCountry "GER"]
[BlackTeamCountry "GER"]

1. d4 d5 2. c4 e6 3. Nc3 Bb4 4. cxd5 exd5 5. Bf4 c6 6. e3 Bf5 7. g4 Be4 8. f3 Bg6 9. h4 h5 10. g5 Ne7 11. Bd3 Bxd3 12. Qxd3 Ng6 13. Bg3 Bd6 14. Nge2 Qc7 15. Kf2 Nd7 16. Rac1 Qb8 17. b3 Nb6 18. Rce1 Qd8 19. a4 Nc8 20. e4 dxe4 21. Qxe4+ Nge7 22. Be5 Bxe5 23. dxe5 Qb6+ 24. Kg2 O-O 25. b4 Nd5 26. a5 Qxb4 27. Nxd5 Qxe4 28. fxe4 cxd5 29. exd5 Ne7 30. Nf4 Rfd8 31. d6 Nc6 32. Rh3 Nxa5 33. g6 fxg6 34. Rc3 Nc6 35. Rd3 Rf8 36. Nxg6 Rf5 37. e6 Kh7 38. e7 Kxg6 39. e8=Q+ Rxe8 40. Rxe8 1-0

[Event "Oberliga Ost B"]
[Site "?"]
[Date "2023.02.04"]
[Round "6.2"]
[White "Dietz, Holger"]
[Black "Peng, Li Min"]
[Result "1/2-1/2"]
[WhiteElo "2274"]
[BlackElo "2540"]
[PlyCount "47"]
[EventDate "2022.09.18"]
[EventType "team-tourn"]
[EventCountry "GER"]
[WhiteTeam "Gernsheim SK"]
[BlackTeam "Emstal Bad Wolfhagen SF"]
[WhiteTeamCountry "GER"]
[BlackTeamCountry "GER"]

1. c4 Nf6 2. g3 e6 3. Bg2 d5 4. d4 Be7 5. Nf3 O-O 6. O-O Nbd7 7. Qc2 a5 8. Nbd2 c5 9. b3 b6 10. e4 Bb7 11. e5 Ne4 12. Bb2 Nxd2 13. Nxd2 cxd4 14. cxd5 Rc8 15. Qd1 Bxd5 16. Bxd5 exd5 17. Bxd4 Nc5 18. Nf3 Qd7 19. Rc1 Rc6 20. Qe2 Qg4 21. Rfd1 Rfc8 22. Bxc5 Rxc5 23. Rxc5 Rxc5 24. Kg2 1/2-1/2